000 00880nam a2200205Ia 4500
003 IN-BaIIA
008 211028s9999 xx 000 0 eng d
020 _a0379-6566(ISSN)
040 _cIIA Library
080 _a52-74(082.2)
_bESA
100 _aRolfe, E. J.
_915553
111 _aSymposium on a Decade of UV Astronomy with the IUE Satellite
_cGreenbelt, Maryland, USA
_d1988 Apr. 12-15
_916467
245 2 _aA decade of UV astronomy with the IUE satellite
_bproceedings of a celebratory symposium on a decade of UV astronomy with the IUE satellite, held in Greenbelt, Maryland, USA, April 12-15, 1988
_cE. J. Rolfe
260 _aFrance
_bEuropean Space Agency
_c1988
300 _axv, 431p.
490 _aESA SP-281; v.1
650 _aAstronomy and astrophysics thesaurus
650 _aUltraviolet-astronomy
_96323
942 _cBK
999 _c9734
_d9734